[Event "17. Obert Int. Sant Marti 2015 - B"]
[Site "Barcelona ESP"]
[Date "2015.07.21"]
[Round "9.5"]
[White "Chakrabarti, Tamal"]
[Black "Martinez Hernandez, Emili"]
[Result "1-0"]
[WhiteElo "2009"]
[BlackElo "2018"]
[PlyCount "71"]
[EventDate "2015.07.13"]
[EventType "swiss"]
[EventRounds "9"]
[EventCountry "ESP"]
[SourceTitle "Ajedrez en Madrid"]
[Source "lmi"]
[SourceDate "2015.07.13"]
[SourceVersion "1"]
[SourceVersionDate "2019.06.21"]
[SourceQuality "1"]

1. e4 e6 2. d4 d5 3. Nc3 Nf6 4. Bg5 Be7 5. e5 Nfd7 6. Bxe7 Qxe7 7. f4 a6 8. Nf3
c5 9. dxc5 Nxc5 10. Qd2 b6 11. Bd3 Nxd3+ 12. cxd3 Nc6 13. O-O-O b5 14. Kb1 Bb7
15. Ne2 Qb4 16. Qe3 O-O 17. Ned4 Qc5 18. Rc1 Qb6 19. Rhe1 Nxd4 20. Nxd4 Rac8
21. g4 Rxc1+ 22. Kxc1 Qc5+ 23. Kb1 Rc8 24. f5 exf5 25. gxf5 Re8 26. h4 g6 27.
e6 fxe6 28. fxe6 Qe7 29. h5 Qf6 30. hxg6 hxg6 31. Qg1 Re7 32. Rf1 Qg7 33. Qg4
Kh8 34. Qg5 Bc8 35. Rh1+ Kg8 36. Qxd5 1-0

[Event "17. Obert Int. Sant Marti 2015 - B"]
[Site "Barcelona ESP"]
[Date "2015.07.21"]
[Round "9.6"]
[White "Humanes Bespin, Ivan"]
[Black "Torres Julian, Marc"]
[Result "1-0"]
[WhiteElo "2049"]
[BlackElo "1976"]
[PlyCount "65"]
[EventDate "2015.07.13"]
[EventType "swiss"]
[EventRounds "9"]
[EventCountry "ESP"]
[SourceTitle "Ajedrez en Madrid"]
[Source "lmi"]
[SourceDate "2015.07.13"]
[SourceVersion "1"]
[SourceVersionDate "2019.06.21"]
[SourceQuality "1"]

1. Nf3 Nf6 2. c4 c5 3. g3 g6 4. Bg2 Bg7 5. Nc3 O-O 6. O-O d5 7. cxd5 Nxd5 8.
Qb3 Nxc3 9. dxc3 Qc7 10. e4 Bd7 11. Be3 b6 12. e5 e6 13. Nd2 Bc6 14. f4 Bxg2
15. Kxg2 Qb7+ 16. Kg1 Nc6 17. Nc4 Ne7 18. Nd6 Qc6 19. Rad1 Rfd8 20. Rf2 c4 21.
Qc2 Nc8 22. Rfd2 Nxd6 23. Rxd6 Qc7 24. Qd2 Rxd6 25. Qxd6 Rc8 26. Qxc7 Rxc7 27.
Rd8+ Bf8 28. f5 g5 29. Bxg5 Kg7 30. Bf6+ Kg8 31. g4 h6 32. h4 exf5 33. gxf5 1-0

[Event "17. Obert Int. Sant Marti 2015 - B"]
[Site "Barcelona ESP"]
[Date "2015.07.21"]
[Round "9.7"]
[White "Garcia Ruiz, Adrian"]
[Black "Willen, Ronny"]
[Result "0-1"]
[WhiteElo "2044"]
[BlackElo "1950"]
[PlyCount "70"]
[EventDate "2015.07.13"]
[EventType "swiss"]
[EventRounds "9"]
[EventCountry "ESP"]
[SourceTitle "Ajedrez en Madrid"]
[Source "lmi"]
[SourceDate "2015.07.13"]
[SourceVersion "1"]
[SourceVersionDate "2019.06.21"]
[SourceQuality "1"]

1. d4 Nf6 2. c4 g6 3. Nc3 Bg7 4. e4 d6 5. Nf3 O-O 6. Be2 e5 7. O-O Nc6 8. d5
Ne7 9. Ne1 Nd7 10. Be3 f5 11. f3 f4 12. Bf2 g5 13. Nd3 Nf6 14. c5 Ng6 15. Rc1
Rf7 16. a4 Bf8 17. cxd6 cxd6 18. Nb5 a6 19. Na3 h5 20. Nc4 g4 21. Re1 g3 22.
hxg3 fxg3 23. Bxg3 Rg7 24. Bf2 h4 25. Nb6 Nh5 26. Qd2 Ngf4 27. Nxf4 Nxf4 28.
Bf1 Bh3 29. Kh1 Bxg2+ 30. Bxg2 Rxg2 31. Rg1 h3 32. Nxa8 Qg5 33. Qe3 Kh7 34.
Rc7+ Bg7 35. Rgc1 Rh2+ 0-1

[Event "17. Obert Int. Sant Marti 2015 - B"]
[Site "Barcelona ESP"]
[Date "2015.07.21"]
[Round "9.8"]
[White "Cespedes Llaverias, Llibert"]
[Black "Ros Montes, Daniel"]
[Result "1/2-1/2"]
[WhiteElo "1940"]
[BlackElo "2039"]
[PlyCount "128"]
[EventDate "2015.07.13"]
[EventType "swiss"]
[EventRounds "9"]
[EventCountry "ESP"]
[SourceTitle "Ajedrez en Madrid"]
[Source "lmi"]
[SourceDate "2015.07.13"]
[SourceVersion "1"]
[SourceVersionDate "2019.06.21"]
[SourceQuality "1"]

1. e4 e6 2. d4 d5 3. Nd2 dxe4 4. Nxe4 Bd7 5. Bd3 Bc6 6. Nf3 Nd7 7. O-O Ngf6 8.
Bg5 Be7 9. Bxf6 Nxf6 10. Nxf6+ Bxf6 11. c3 Qd6 12. Re1 O-O-O 13. b4 Bxf3 14.
Qxf3 e5 15. Qf5+ Kb8 16. dxe5 Bxe5 17. Rxe5 Qxd3 18. Qxd3 Rxd3 19. Re7 Rf8 20.
Rc1 b5 21. Kf1 Rd2 22. Re2 Rfd8 23. Re7 R8d7 24. Rxd7 Rxd7 25. Ke2 Kb7 26. Rd1
Rxd1 27. Kxd1 Kc6 28. Kd2 Kd5 29. Kd3 f5 30. g3 g5 31. f3 h5 32. h4 gxh4 33.
gxh4 f4 34. a3 a6 35. Kd2 Kc4 36. Kc2 c6 37. Kd2 Kb3 38. Kd3 Kxa3 39. Ke4 Kb3
40. Kxf4 Kxc3 41. Kg5 Kxb4 42. f4 Ka5 43. f5 b4 44. f6 b3 45. f7 b2 46. f8=Q
b1=Q 47. Qd8+ Qb6 48. Qd2+ Qb4 49. Qd8+ Ka4 50. Qd1+ Qb3 51. Qd4+ Kb5 52. Kxh5
Qd5+ 53. Qxd5+ cxd5 54. Kg5 d4 55. h5 d3 56. h6 d2 57. h7 d1=Q 58. h8=Q Qd2+
59. Kf5 Qc2+ 60. Kg5 a5 61. Qb8+ Ka4 62. Qe8+ Ka3 63. Qe7+ Kb3 64. Qb7+ Ka2
1/2-1/2

[Event "17. Obert Int. Sant Marti 2015 - B"]
[Site "Barcelona ESP"]
[Date "2015.07.21"]
[Round "9.9"]
[White "Fleming, Andrew S J"]
[Black "Gonzalez Jurado, Jesus"]
[Result "1-0"]
[WhiteElo "2012"]
[BlackElo "1966"]
[PlyCount "99"]
[EventDate "2015.07.13"]
[EventType "swiss"]
[EventRounds "9"]
[EventCountry "ESP"]
[SourceTitle "Ajedrez en Madrid"]
[Source "lmi"]
[SourceDate "2015.07.13"]
[SourceVersion "1"]
[SourceVersionDate "2019.06.21"]
[SourceQuality "1"]

1. e4 d6 2. d4 Nf6 3. Bd3 g6 4. Bg5 Bg7 5. Nf3 O-O 6. c3 Nbd7 7. Qd2 e5 8. Na3
c5 9. d5 a6 10. c4 Rb8 11. O-O Nb6 12. h3 Bd7 13. Rab1 Qc7 14. b4 Na4 15. b5
Nb6 16. Rb3 a5 17. Qxa5 Ra8 18. Qd2 Ra4 19. Rc1 Rfa8 20. Rcc3 R8a5 21. Ne1 Qc8
22. Kh2 Nh5 23. Bh6 Nf4 24. Bxg7 Kxg7 25. Bf1 Qd8 26. Qe3 f5 27. g3 Nh5 28.
exf5 Bxf5 29. g4 Bxg4 30. hxg4 Nf4 31. Ng2 Nfxd5 32. cxd5 Nxd5 33. Qd3 Nxc3 34.
Qxc3 Rxg4 35. Qf3 Qd7 36. Bc4 Rxa3 37. Rxa3 Rxc4 38. Ra8 Qe7 39. Qd5 Rb4 40.
Qg8+ Kh6 41. Ra3 Rg4 42. Rh3+ Kg5 43. Rxh7 Qf6 44. Rf7 Qe6 45. Qd8+ Kh6 46. Rf3
Qd5 47. Rh3+ Kg7 48. Qh8+ Kf7 49. Rh7+ Ke6 50. Qg8+ 1-0

[Event "17. Obert Int. Sant Marti 2015 - B"]
[Site "Barcelona ESP"]
[Date "2015.07.21"]
[Round "9.10"]
[White "Vargas Drechsler, Carlos"]
[Black "Catala Ulied, Bernat"]
[Result "1/2-1/2"]
[WhiteElo "1973"]
[BlackElo "1977"]
[PlyCount "110"]
[EventDate "2015.07.13"]
[EventType "swiss"]
[EventRounds "9"]
[EventCountry "ESP"]
[SourceTitle "Ajedrez en Madrid"]
[Source "lmi"]
[SourceDate "2015.07.13"]
[SourceVersion "1"]
[SourceVersionDate "2019.06.21"]
[SourceQuality "1"]

1. d4 Nf6 2. c4 g6 3. g3 Bg7 4. Bg2 d6 5. Nc3 O-O 6. Nf3 c5 7. O-O cxd4 8. Nxd4
Qc7 9. Ncb5 Qxc4 10. b3 Qc5 11. Be3 Qb6 12. a4 Qd8 13. Rc1 Na6 14. Nf3 b6 15.
Nfd4 d5 16. Bf4 Bb7 17. Nc6 Bxc6 18. Rxc6 Qd7 19. Qc1 Rac8 20. Rxc8 Rxc8 21.
Qd2 Nc5 22. Qa2 a6 23. Na3 Nfe4 24. Bxe4 Nxe4 25. Rc1 Rxc1+ 26. Bxc1 Qc6 27.
Qc2 Qxc2 28. Nxc2 Nc5 29. Ba3 e6 30. Bxc5 bxc5 31. b4 c4 32. b5 axb5 33. axb5
Be5 34. b6 Kf8 35. Kf1 Ke8 36. Nb4 Kd7 37. b7 c3 38. Ke1 Bxg3 39. fxg3 Kc7 40.
Nc6 Kxb7 41. Nd8+ Kb6 42. Nxf7 Kb5 43. Kd1 h5 44. Kc2 Kc4 45. Ne5+ Kd4 46. Nxg6
e5 47. Nxe5 Kxe5 48. Kxc3 Ke4 49. Kd2 Kd4 50. h3 Ke4 51. g4 hxg4 52. hxg4 Kf4
53. Kd3 Kxg4 54. Kd4 Kf4 55. e3+ Kf3 1/2-1/2

[Event "17. Obert Int. Sant Marti 2015 - B"]
[Site "Barcelona ESP"]
[Date "2015.07.21"]
[Round "9.11"]
[White "Poyato Ruiz, Fernando"]
[Black "Poyato Duran, David"]
[Result "1/2-1/2"]
[WhiteElo "2024"]
[BlackElo "1931"]
[PlyCount "45"]
[EventDate "2015.07.13"]
[EventType "swiss"]
[EventRounds "9"]
[EventCountry "ESP"]
[SourceTitle "Ajedrez en Madrid"]
[Source "lmi"]
[SourceDate "2015.07.13"]
[SourceVersion "1"]
[SourceVersionDate "2019.06.21"]
[SourceQuality "1"]

1. d4 d5 2. c4 c6 3. Nc3 Nf6 4. Nf3 Nbd7 5. Bg5 Qa5 6. Bxf6 Nxf6 7. e3 Bg4 8.
Qb3 Rb8 9. Ne5 Bd7 10. Nxd7 Kxd7 11. cxd5 Nxd5 12. Bc4 e6 13. O-O Bd6 14. Ne4
Be7 15. Rac1 Rhc8 16. Rfd1 Qb4 17. Qc2 Ke8 18. Nc5 Nf6 19. Nd3 Qa5 20. Qe2 Qf5
21. Ne5 a6 22. Bd3 Qg5 23. f4 1/2-1/2

[Event "17. Obert Int. Sant Marti 2015 - B"]
[Site "Barcelona ESP"]
[Date "2015.07.21"]
[Round "9.12"]
[White "Carrey Abellan, Enric"]
[Black "Muratet Carmona, Julia"]
[Result "0-1"]
[WhiteElo "2022"]
[BlackElo "1942"]
[PlyCount "102"]
[EventDate "2015.07.13"]
[EventType "swiss"]
[EventRounds "9"]
[EventCountry "ESP"]
[SourceTitle "Ajedrez en Madrid"]
[Source "lmi"]
[SourceDate "2015.07.13"]
[SourceVersion "1"]
[SourceVersionDate "2019.06.21"]
[SourceQuality "1"]

1. d4 d5 2. c4 Nf6 3. Nc3 e6 4. Bg5 Be7 5. e3 Nbd7 6. cxd5 exd5 7. Nf3 c6 8.
Bd3 O-O 9. Qc2 Re8 10. O-O Nf8 11. Bxf6 Bxf6 12. b4 a6 13. h3 Bd7 14. a4 Ng6
15. b5 Qc8 16. bxc6 bxc6 17. Rfc1 Nh4 18. Nxh4 Bxh4 19. Qe2 Qd8 20. Qh5 g6 21.
Qf3 Re6 22. g3 Bg5 23. Bf1 Qe7 24. Re1 Rf6 25. Qg2 h5 26. f4 Bh6 27. e4 Qb4 28.
Qd2 h4 29. e5 Rf5 30. Bd3 Qxd4+ 31. Kg2 hxg3 32. Qc2 Rxf4 33. Re2 Rf2+ 34. Rxf2
gxf2 35. Rf1 Bxh3+ 36. Kxh3 Qe3+ 37. Kg2 Qxe5 38. Qxf2 Qxc3 39. Qxf7+ Kh8 40.
Bxg6 Qg7 41. Qe6 Rg8 42. Rf6 d4 43. Kf3 Rf8 44. Bf7 Kh7 45. Ke4 d3 46. Qf5+ Kh8
47. Kxd3 Rd8+ 48. Ke4 Qg2+ 49. Qf3 Qc2+ 50. Ke5 Qc5+ 51. Ke6 Rd6+ 0-1

[Event "17. Obert Int. Sant Marti 2015 - B"]
[Site "Barcelona ESP"]
[Date "2015.07.21"]
[Round "9.13"]
[White "Gonzalez Martin, Fernando"]
[Black "Julia Yebra, David"]
[Result "0-1"]
[WhiteElo "1921"]
[BlackElo "2002"]
[PlyCount "84"]
[EventDate "2015.07.13"]
[EventType "swiss"]
[EventRounds "9"]
[EventCountry "ESP"]
[SourceTitle "Ajedrez en Madrid"]
[Source "lmi"]
[SourceDate "2015.07.13"]
[SourceVersion "1"]
[SourceVersionDate "2019.06.21"]
[SourceQuality "1"]

1. d4 d6 2. c4 Nf6 3. Nf3 c6 4. g3 Bg4 5. Bg2 Nbd7 6. O-O e5 7. Be3 Be7 8. Nc3
Qc7 9. Rc1 Nb6 10. b3 Rd8 11. a4 O-O 12. d5 a5 13. Nb5 cxb5 14. cxb5 Qd7 15.
Bxb6 Rc8 16. Bxa5 Rxc1 17. Qxc1 Nxd5 18. Qd2 Nf6 19. Rc1 Rc8 20. Rxc8+ Qxc8 21.
Qc3 Qf5 22. Qc1 Ne8 23. Bb4 h6 24. h4 Qe4 25. Qc4 Qb1+ 26. Kh2 Be6 27. Qd3 Qb2
28. Nd2 Qc1 29. Bxb7 g5 30. hxg5 Bxg5 31. Ne4 Qf1 32. Nxg5 Qxf2+ 33. Bg2 hxg5
34. Qf3 Qd4 35. Bc3 Qd1 36. Qe3 f6 37. Qd3 Qxb3 38. Qg6+ Kf8 39. Bc6 Bf7 40.
Qh6+ Ke7 41. Be1 Qd1 42. Bxe8 Qxe2+ 0-1

[Event "17. Obert Int. Sant Marti 2015 - B"]
[Site "Barcelona ESP"]
[Date "2015.07.21"]
[Round "9.14"]
[White "Ramos Alvarez, Maximo"]
[Black "Ferre Navarro, Joan"]
[Result "1-0"]
[WhiteElo "2002"]
[BlackElo "1912"]
[PlyCount "47"]
[EventDate "2015.07.13"]
[EventType "swiss"]
[EventRounds "9"]
[EventCountry "ESP"]
[SourceTitle "Ajedrez en Madrid"]
[Source "lmi"]
[SourceDate "2015.07.13"]
[SourceVersion "1"]
[SourceVersionDate "2019.06.21"]
[SourceQuality "1"]

1. e4 g6 2. d4 Bg7 3. Nc3 a6 4. Be3 d6 5. Qd2 Nf6 6. f3 b5 7. g4 Nbd7 8. Bh6
O-O 9. Bxg7 Kxg7 10. h4 h5 11. O-O-O c5 12. e5 Ne8 13. gxh5 Rh8 14. hxg6 e6 15.
gxf7 Kxf7 16. Qf4+ Kg8 17. Bh3 Qe7 18. Nge2 Ng7 19. exd6 Qf8 20. Qg3 c4 21.
Bxe6+ Kh7 22. Rdg1 Qf6 23. Ne4 Qh6+ 24. Ng5+ 1-0

[Event "17. Obert Int. Sant Marti 2015 - B"]
[Site "Barcelona ESP"]
[Date "2015.07.21"]
[Round "9.15"]
[White "Collell Rodriguez, Victor"]
[Black "Minko, Olga"]
[Result "1/2-1/2"]
[WhiteElo "1987"]
[BlackElo "1559"]
[PlyCount "46"]
[EventDate "2015.07.13"]
[EventType "swiss"]
[EventRounds "9"]
[EventCountry "ESP"]
[SourceTitle "Ajedrez en Madrid"]
[Source "lmi"]
[SourceDate "2015.07.13"]
[SourceVersion "1"]
[SourceVersionDate "2019.06.21"]
[SourceQuality "1"]

1. e4 e5 2. Nf3 Nc6 3. Bc4 Nf6 4. d4 exd4 5. O-O Nxe4 6. Re1 d5 7. Bxd5 Qxd5 8.
Nc3 Qd8 9. Rxe4+ Be6 10. Nb5 a6 11. Nbxd4 Qd5 12. Qe2 Nxd4 13. Nxd4 O-O-O 14.
Bf4 Bf5 15. Nxf5 Qxf5 16. Re1 Bd6 17. Bxd6 Rxd6 18. Qe3 Kb8 19. Qc3 f6 20. Re7
Rd7 21. Rxd7 Qxd7 22. Qe3 Rd8 23. h3 Qd6 1/2-1/2

[Event "17. Obert Int. Sant Marti 2015 - B"]
[Site "Barcelona ESP"]
[Date "2015.07.21"]
[Round "9.16"]
[White "Padilla Carmona, Francesc"]
[Black "Brunet Gil, Pol"]
[Result "1-0"]
[WhiteElo "1937"]
[BlackElo "1967"]
[PlyCount "71"]
[EventDate "2015.07.13"]
[EventType "swiss"]
[EventRounds "9"]
[EventCountry "ESP"]
[SourceTitle "Ajedrez en Madrid"]
[Source "lmi"]
[SourceDate "2015.07.13"]
[SourceVersion "1"]
[SourceVersionDate "2019.06.21"]
[SourceQuality "1"]

1. e4 c5 2. d4 cxd4 3. c3 Nf6 4. e5 Nd5 5. Qxd4 e6 6. Nf3 Nc6 7. Qe4 f5 8. exf6
Nxf6 9. Qc2 d5 10. Bb5 Bd6 11. Bg5 e5 12. O-O Bg4 13. Nbd2 O-O 14. h3 Bh5 15.
Qa4 Qb6 16. Be3 Qc7 17. Qh4 a6 18. Ba4 Bg6 19. Rac1 Ne7 20. Bc2 Bxc2 21. Rxc2
e4 22. Nd4 Kf7 23. f4 Qd7 24. f5 Rg8 25. N2b3 Qc7 26. Bf4 Bxf4 27. Rxf4 Qd6 28.
Rf1 Rac8 29. Re2 Nc6 30. g4 Rh8 31. g5 Nd7 32. Qh5+ Kg8 33. f6 gxf6 34. gxf6
Kf8 35. Qh6+ Ke8 36. f7+ 1-0

[Event "17. Obert Int. Sant Marti 2015 - B"]
[Site "Barcelona ESP"]
[Date "2015.07.21"]
[Round "9.17"]
[White "Torralba Brosa, Marc"]
[Black "Moysen Cortes, Jessica"]
[Result "1-0"]
[WhiteElo "1900"]
[BlackElo "1961"]
[PlyCount "103"]
[EventDate "2015.07.13"]
[EventType "swiss"]
[EventRounds "9"]
[EventCountry "ESP"]
[SourceTitle "Ajedrez en Madrid"]
[Source "lmi"]
[SourceDate "2015.07.13"]
[SourceVersion "1"]
[SourceVersionDate "2019.06.21"]
[SourceQuality "1"]

1. e4 d5 2. exd5 Qxd5 3. Nc3 Qa5 4. Nf3 Nf6 5. d4 c6 6. Ne5 Bf5 7. g4 Bg6 8. h4
Be4 9. f3 Bd5 10. Bd2 Qc7 11. Bf4 Qb6 12. Qd3 Nbd7 13. Nxd7 Nxd7 14. Nxd5 cxd5
15. O-O-O e6 16. Kb1 Rc8 17. Be3 Bd6 18. f4 Nf6 19. Bg2 Nxg4 20. Bf3 Nxe3 21.
Qxe3 Kd7 22. Rhg1 g6 23. Rd3 Rc4 24. h5 Rhc8 25. Rb3 Qc7 26. c3 Bxf4 27. Qf2 g5
28. Be2 Rc6 29. Bb5 Ke7 30. Bxc6 bxc6 31. Qe2 Rb8 32. Rxb8 Qxb8 33. Qc2 f5 34.
Qa4 Qb7 35. c4 Kf6 36. cxd5 cxd5 37. Qa3 Kf7 38. Qc5 g4 39. Rf1 Be3 40. Qc3 Bg5
41. Qg3 Ke7 42. Qe5 Bf6 43. Qe3 Kd6 44. Rc1 Qb4 45. Re1 Bxd4 46. Qxe6+ Kc7 47.
Rc1+ Bc5 48. Qxd5 Kb6 49. Qxf5 Bd4 50. Qe6+ Ka5 51. Qd5+ Ka4 52. Rc4 1-0

[Event "17. Obert Int. Sant Marti 2015 - B"]
[Site "Barcelona ESP"]
[Date "2015.07.21"]
[Round "9.18"]
[White "Perez Cuadrado, Eduardo"]
[Black "Mañosas Vila, Ester"]
[Result "1-0"]
[WhiteElo "1960"]
[BlackElo "1895"]
[PlyCount "67"]
[EventDate "2015.07.13"]
[EventType "swiss"]
[EventRounds "9"]
[EventCountry "ESP"]
[SourceTitle "Ajedrez en Madrid"]
[Source "lmi"]
[SourceDate "2015.07.13"]
[SourceVersion "1"]
[SourceVersionDate "2019.06.21"]
[SourceQuality "1"]

1. e4 e5 2. Nf3 Nc6 3. Nc3 Nf6 4. d4 exd4 5. Nxd4 Bb4 6. Nxc6 Bxc3+ 7. bxc3
bxc6 8. Bd3 d6 9. h3 h6 10. O-O O-O 11. Bf4 Re8 12. Re1 c5 13. e5 dxe5 14. Rxe5
Bb7 15. Rxc5 Rc8 16. Bf5 Qe7 17. Bxc8 Rxc8 18. Re5 Qa3 19. c4 Qa4 20. Qd3 Rb8
21. Rb5 a6 22. Rb3 Qc6 23. f3 Re8 24. Rab1 Rb8 25. Be5 Nd7 26. Bd4 Nc5 27. Bxc5
Qxc5+ 28. Qe3 Qc6 29. Kh1 Re8 30. Qd3 Rb8 31. Qd5 Qe8 32. Rxb7 Rxb7 33. Qxb7 c6
34. Qb8 1-0

[Event "17. Obert Int. Sant Marti 2015 - B"]
[Site "Barcelona ESP"]
[Date "2015.07.21"]
[Round "9.19"]
[White "Ferres Saez, Joan"]
[Black "Subirana Santos, Marc"]
[Result "1-0"]
[WhiteElo "1901"]
[BlackElo "1949"]
[PlyCount "84"]
[EventDate "2015.07.13"]
[EventType "swiss"]
[EventRounds "9"]
[EventCountry "ESP"]
[SourceTitle "Ajedrez en Madrid"]
[Source "lmi"]
[SourceDate "2015.07.13"]
[SourceVersion "1"]
[SourceVersionDate "2019.06.21"]
[SourceQuality "1"]

1. e4 g6 2. d4 Bg7 3. Nc3 a6 4. f4 d6 5. Nf3 b5 6. Bd3 Nd7 7. Be3 Bb7 8. e5 Nb6
9. Qe2 e6 10. O-O-O b4 11. Ne4 Bxe4 12. Bxe4 d5 13. Bd3 Qc8 14. g4 Ne7 15. f5
Nc6 16. Rhf1 Na5 17. fxe6 fxe6 18. Ng5 Nbc4 19. Nxh7 c5 20. Bxg6+ Kd7 21. Rf7+
Kc6 22. Rxg7 Nxe3 23. Qxe3 c4 24. Kb1 Rb8 25. b3 Kb6 26. Qg5 cxb3 27. cxb3 Rb7
28. Rxb7+ Qxb7 29. Nf6 Nc6 30. h4 a5 31. Qc1 Ka7 32. h5 Rc8 33. Qd2 a4 34. h6
Ne7 35. Bc2 Rc3 36. h7 Rh3 37. g5 axb3 38. axb3 Nf5 39. Rc1 Qa6 40. Qxb4 Ne3
41. Qa4 Nxc2 42. Qxa6+ Kxa6 1-0

[Event "17. Obert Int. Sant Marti 2015 - B"]
[Site "Barcelona ESP"]
[Date "2015.07.21"]
[Round "9.20"]
[White "Ayza Casamitjana, Antoni"]
[Black "De La Fuente  Clemente, Constantino"]
[Result "1-0"]
[WhiteElo "1945"]
[BlackElo "2043"]
[PlyCount "77"]
[EventDate "2015.07.13"]
[EventType "swiss"]
[EventRounds "9"]
[EventCountry "ESP"]
[SourceTitle "Ajedrez en Madrid"]
[Source "lmi"]
[SourceDate "2015.07.13"]
[SourceVersion "1"]
[SourceVersionDate "2019.06.21"]
[SourceQuality "1"]

1. e4 e5 2. Nf3 Nf6 3. Nc3 Nc6 4. Bb5 Bc5 5. O-O d6 6. h3 a6 7. Bxc6+ bxc6 8.
d4 exd4 9. Nxd4 Bd7 10. Bg5 h6 11. Bh4 g5 12. Bg3 g4 13. h4 Nh5 14. Nce2 Qe7
15. Qd3 Nxg3 16. fxg3 d5 17. exd5 cxd5 18. Kh2 Qe4 19. Qc3 Bd6 20. Rae1 O-O 21.
Nf4 Qh7 22. Nxd5 f5 23. Nxc7 Rac8 24. Qb3+ Kh8 25. Nce6 Rf6 26. Qd5 Qe7 27.
Nxf5 Bxe6 28. Nxe7 Bxd5 29. Rxf6 Bxe7 30. Rxe7 Kg8 31. Rf2 Bxa2 32. Re4 h5 33.
Re5 Bf7 34. Rg5+ Kf8 35. Rxh5 Kg8 36. Rg5+ Kf8 37. Rxg4 Ke8 38. Re4+ Kf8 39.
Ref4 1-0

[Event "17. Obert Int. Sant Marti 2015 - B"]
[Site "Barcelona ESP"]
[Date "2015.07.21"]
[Round "9.21"]
[White "Bes Alvarez, Alex"]
[Black "Molina Hernandez, Albert"]
[Result "0-1"]
[WhiteElo "1743"]
[BlackElo "2033"]
[PlyCount "90"]
[EventDate "2015.07.13"]
[EventType "swiss"]
[EventRounds "9"]
[EventCountry "ESP"]
[SourceTitle "Ajedrez en Madrid"]
[Source "lmi"]
[SourceDate "2015.07.13"]
[SourceVersion "1"]
[SourceVersionDate "2019.06.21"]
[SourceQuality "1"]

1. d4 Nf6 2. c4 g6 3. Nc3 Bg7 4. Nf3 O-O 5. e4 d6 6. Be2 Nbd7 7. O-O e5 8. d5
a5 9. Be3 b6 10. Qd2 Nc5 11. Qc2 Ng4 12. Bg5 f6 13. Bd2 f5 14. exf5 Bxf5 15.
Qc1 Nd3 16. Bg5 Bf6 17. Qd2 Bxg5 18. Nxg5 Nf4 19. Nf3 Nxe2+ 20. Nxe2 Nf6 21. h3
Ne4 22. Qe3 Qf6 23. Ng3 Nc5 24. Nxf5 Qxf5 25. Rac1 Rf6 26. Nd2 Raf8 27. Nb1 Nd3
28. Rc2 Nf4 29. Rd2 Qg5 30. g4 Nxh3+ 31. Qxh3 Rf3 32. Qg2 R8f4 33. Kh1 Qh4+ 34.
Qh2 Rh3 35. f3 e4 36. Nc3 exf3 37. Rdf2 Rxg4 38. Nd1 Rg2 39. Rxg2 fxg2+ 40.
Kxg2 Rxh2+ 41. Kf3 Qh3+ 42. Ke4 Qxf1 43. Nc3 Rh3 44. Nb5 Qf5+ 45. Kd4 Qd3# 0-1

[Event "17. Obert Int. Sant Marti 2015 - B"]
[Site "Barcelona ESP"]
[Date "2015.07.21"]
[Round "9.22"]
[White "Garcia Clemente, Julian Francisco"]
[Black "Sanchez Esteban, Emilio"]
[Result "1-0"]
[WhiteElo "2031"]
[BlackElo "1947"]
[PlyCount "73"]
[EventDate "2015.07.13"]
[EventType "swiss"]
[EventRounds "9"]
[EventCountry "ESP"]
[SourceTitle "Ajedrez en Madrid"]
[Source "lmi"]
[SourceDate "2015.07.13"]
[SourceVersion "1"]
[SourceVersionDate "2019.06.21"]
[SourceQuality "1"]

1. d4 d5 2. c4 e6 3. Nc3 Nf6 4. cxd5 exd5 5. Bg5 Be7 6. Qc2 c6 7. e3 Nbd7 8.
Bd3 O-O 9. Nge2 h6 10. Bh4 Re8 11. O-O Ne4 12. Bxe7 Qxe7 13. Nxe4 dxe4 14. Bc4
Nb6 15. Bb3 Nd5 16. Nc3 Nb4 17. Qd2 Bf5 18. f3 exf3 19. Rxf3 Be6 20. Bxe6 Qxe6
21. e4 Rad8 22. a3 Na6 23. b4 Nc7 24. Rd1 Qc4 25. Qf2 Re7 26. h4 Red7 27. Ne2
Nb5 28. Rfd3 Qe6 29. Ng3 Qc4 30. Nf5 h5 31. Qg3 g6 32. Qg5 Qe6 33. Qh6 Qf6 34.
Rf3 Qh8 35. Qg5 Nxd4 36. Rxd4 Rxd4 37. Nh6+ 1-0

[Event "17. Obert Int. Sant Marti 2015 - B"]
[Site "Barcelona ESP"]
[Date "2015.07.21"]
[Round "9.23"]
[White "Corominas Garrido, Jordi"]
[Black "Gonzalez Moreno, Antoni"]
[Result "1-0"]
[WhiteElo "2017"]
[BlackElo "1945"]
[PlyCount "89"]
[EventDate "2015.07.13"]
[EventType "swiss"]
[EventRounds "9"]
[EventCountry "ESP"]
[SourceTitle "Ajedrez en Madrid"]
[Source "lmi"]
[SourceDate "2015.07.13"]
[SourceVersion "1"]
[SourceVersionDate "2019.06.21"]
[SourceQuality "1"]

1. c4 c6 2. Nf3 Nf6 3. Nc3 d5 4. e3 Bg4 5. d4 e6 6. a3 Be7 7. b4 dxc4 8. Bxc4
Nbd7 9. e4 Qc7 10. Qd3 Rd8 11. h3 Bh5 12. e5 Nd5 13. Nxd5 cxd5 14. Bb3 Rc8 15.
Bd2 O-O 16. Rc1 Qb6 17. O-O Nb8 18. Bg5 Bxg5 19. Nxg5 Bg6 20. Qd2 Nd7 21. Ba4
Nb8 22. Rxc8 Rxc8 23. Rc1 Qd8 24. Nf3 a6 25. b5 Nd7 26. bxa6 bxa6 27. Rxc8 Qxc8
28. Bxd7 Qxd7 29. Qa5 Bd3 30. Nd2 h6 31. Nb3 Qb5 32. Qxb5 axb5 33. f4 Kf8 34.
Kf2 Ke7 35. Nc5 Bc4 36. g4 g5 37. Kg3 f6 38. exf6+ Kxf6 39. Nd7+ Kg6 40. h4
gxf4+ 41. Kxf4 Be2 42. g5 hxg5+ 43. hxg5 Bd1 44. Nc5 Kf7 45. Ke5 1-0

[Event "17. Obert Int. Sant Marti 2015 - B"]
[Site "Barcelona ESP"]
[Date "2015.07.21"]
[Round "9.24"]
[White "Vicente Soriano, Josep"]
[Black "Volart Buil, Jordi"]
[Result "0-1"]
[WhiteElo "2006"]
[BlackElo "1946"]
[PlyCount "44"]
[EventDate "2015.07.13"]
[EventType "swiss"]
[EventRounds "9"]
[EventCountry "ESP"]
[SourceTitle "Ajedrez en Madrid"]
[Source "lmi"]
[SourceDate "2015.07.13"]
[SourceVersion "1"]
[SourceVersionDate "2019.06.21"]
[SourceQuality "1"]

1. e4 e5 2. Nf3 Nc6 3. Bb5 Nge7 4. O-O g6 5. c3 Bg7 6. d3 a6 7. Ba4 b5 8. Bc2
O-O 9. Be3 f5 10. Bg5 h6 11. Bxe7 Nxe7 12. Nbd2 Kh7 13. a4 Bb7 14. Qe2 d6 15.
d4 fxe4 16. Nxe4 Bxe4 17. dxe5 Bxf3 18. gxf3 Bxe5 19. axb5 Nf5 20. Qe4 Nh4 21.
Rxa6 Qg5+ 22. Qg4 Nxf3+ 0-1

[Event "17. Obert Int. Sant Marti 2015 - B"]
[Site "Barcelona ESP"]
[Date "2015.07.21"]
[Round "9.25"]
[White "Caro Martinez, Ramon"]
[Black "Bernat Pascual, Magí"]
[Result "1-0"]
[WhiteElo "1969"]
[BlackElo "1850"]
[PlyCount "61"]
[EventDate "2015.07.13"]
[EventType "swiss"]
[EventRounds "9"]
[EventCountry "ESP"]
[SourceTitle "Ajedrez en Madrid"]
[Source "lmi"]
[SourceDate "2015.07.13"]
[SourceVersion "1"]
[SourceVersionDate "2019.06.21"]
[SourceQuality "1"]

1. d4 d5 2. Nf3 c6 3. e3 Nf6 4. c4 e6 5. Bd3 Nbd7 6. b3 Bd6 7. Bb2 O-O 8. O-O
c5 9. Nc3 Nb6 10. Nb5 Be7 11. a3 Bd7 12. dxc5 Bxc5 13. Rc1 Be7 14. c5 Bxb5 15.
Bxb5 Nbd7 16. b4 a5 17. Qd4 axb4 18. Bxd7 Qxd7 19. axb4 Rfc8 20. Ra1 Qb5 21.
Ne5 Bf8 22. f4 h6 23. f5 exf5 24. Rxf5 Rxa1+ 25. Bxa1 Qe2 26. Rf2 Qe1+ 27. Rf1
Qe2 28. Nxf7 Kh7 29. Qf4 Qh5 30. Bxf6 Qxf7 31. Qf5+ 1-0